000 00282nam a2200121Ia 4500
008 191201s2006 xx 000 0 und d
100 _aKUMAR, Muneesh
245 0 _aBusiness Information Systems
260 _aN. delhi
_bVikas
_c2006
300 _a384
650 _aMBA
942 _2ddc
_cBK
999 _c180
_d180